Quy định pháp luật về quản lý, sử dụng và bảo vệ tài nguyên
Enregistré dans:
| Format: | Livre |
|---|---|
| Langue: | Undetermined |
| Publié: |
H.
CTQG
2003
|
| Sujets: | |
| Tags: |
Ajouter un tag
Pas de tags, Soyez le premier à ajouter un tag!
|
| Thư viện lưu trữ: | Trung tâm Học liệu Trường Đại học Cần Thơ |
|---|
| LEADER | 00518nam a2200181Ia 4500 | ||
|---|---|---|---|
| 001 | CTU_58717 | ||
| 008 | 210402s9999 xx 000 0 und d | ||
| 020 | |b 88000 | ||
| 082 | |a 346.597044 | ||
| 082 | |b Qu600 | ||
| 245 | 0 | |a Quy định pháp luật về quản lý, sử dụng và bảo vệ tài nguyên | |
| 260 | |a H. | ||
| 260 | |b CTQG | ||
| 260 | |c 2003 | ||
| 650 | |a natural resources | ||
| 650 | |x law and legislation | ||
| 904 | |i Minh | ||
| 980 | |a Trung tâm Học liệu Trường Đại học Cần Thơ | ||